|
|
|
|
| LEADER |
00718nab a2200181 i 4500 |
| 001 |
misc12236 |
| 005 |
20191106141616.0 |
| 008 |
170607s1969 hu o 0|| hun d |
| 022 |
|
|
|a 0025-0260
|
| 040 |
|
|
|a SZTE Miscellanea Repozitórium
|b hun
|
| 041 |
|
|
|a hun
|
| 100 |
1 |
|
|a Pásztor Emil
|
| 245 |
1 |
0 |
|a Egy nem tankönyvbe való versről
|h [elektronikus dokumentum] /
|c Pásztor Emil
|
| 260 |
|
|
|c 1969
|
| 300 |
|
|
|a 144-150
|
| 490 |
0 |
|
|a Magyar pedagógia : a Magyar Tudományos Akadémia Pedagógiai Bizottságának folyóirata
|v 69 No. 1-2
|
| 695 |
|
|
|a Magyar irodalom tanítása módszer, Verselemzés, Tankönyvbírálat, Vers
|
| 856 |
4 |
0 |
|u http://misc.bibl.u-szeged.hu/12236/1/mp_1969_001_002_4730_144-150.pdf
|z Dokumentum-elérés
|